[Event "IECC KO email"]
[Site "IECC email"]
[Date "1999.08.27"]
[Round "?"]
[White "Cornell, David"]
[Black "Schnelle, Dirk"]
[Result "1-0"]
[WhiteElo "1625"]
[BlackElo "1000"]
[PlyCount "65"]
[EventDate "1999.??.??"]
[EventType "tourn (corr)"]
[EventRounds "6"]
[SourceTitle "Corr 2008"]
[Source "ChessBase"]
[SourceDate "2008.06.24"]
[SourceVersion "1"]
[SourceVersionDate "2008.06.24"]
[SourceQuality "1"]

1. Nf3 d5 2. b3 Nc6 3. Bb2 f6 4. e3 Bf5 5. Bb5 e5 6. 0-0 Qd7 7. d3 Bd6 8. Nbd2 Nge7 9. e4 d4 10. exf5 Nxf5 11. Ne4 a6 12. Bxc6 Qxc6 13. Nxd6+ Qxd6 14. Re1 0-0-0 15. Nd2 Qc6 16. Rc1 Rhe8 17. Ne4 Kb8 18. Qg4 g6 19. Qf3 Re6 20. Nd2 Qc5 21. Nc4 b6 22. c3 a5 23. g4 Nh4 24. Qg3 g5 25. cxd4 Qd5 26. Ne3 Nf3+ 27. Kf1 Qb7 28. d5 Red6 29. Qxf3 Qa6 30. Red1 h6 31. Ba3 R6d7 32. Qxf6 e4 33. Kg2 1-0